|
|
|
|
| LEADER |
00000cam a2200000 a 4500 |
| 001 |
vtls001331123 |
| 003 |
SK-MaSNL |
| 005 |
20260301065858.0 |
| 008 |
251113s1989 xr 00000 cze |
| 020 |
|
|
|a 8020501037
|q (brož.)
|
| 035 |
|
|
|a SNK000283999
|
| 040 |
|
|
|a SNK
|b slo
|c SNK
|e AACR2
|
| 041 |
1 |
|
|a cze
|h rus
|
| 044 |
|
|
|a xr
|c CZ
|
| 072 |
|
7 |
|a 133
|x Ezoterizmus. Okultizmus
|2 konspekt
|
| 080 |
|
|
|a 133.4
|2 2001
|
| 080 |
|
|
|a 133
|2 2001
|
| 080 |
|
|
|a (048.8)
|2 2001
|
| 100 |
1 |
|
|a Parnov, Jeremej Judovič,
|d 1935-2009
|4 aut
|9 385258
|
| 240 |
1 |
0 |
|a Tron Ljucifera
|l Česky
|
| 245 |
1 |
0 |
|a Luciferův trůn
|c Jeremej Judovič Parnov ; z ruského originálu přeložili Dimitrij Běloševský, Jiřina Miklušáková, Jiřina Táborská
|
| 250 |
|
|
|a 1. vyd.
|
| 260 |
|
|
|a Praha
|b Svoboda
|c 1989
|
| 300 |
|
|
|a 357, [3] s.
|c 8°
|
| 490 |
1 |
|
|a Členská knižnice
|
| 648 |
|
7 |
|a 12.-20. storočie
|2 SNKPH
|9 302279
|
| 650 |
0 |
7 |
|a okultizmus
|2 SNKPH
|9 2078
|
| 650 |
0 |
7 |
|a mágia
|2 SNKPH
|9 2088
|
| 650 |
0 |
7 |
|a čarodejníctvo
|2 SNKPH
|9 3756
|
| 650 |
0 |
7 |
|a satanizmus
|2 SNKPH
|9 2625
|
| 655 |
|
7 |
|a monografie
|2 SNKPH
|9 70139
|
| 700 |
1 |
|
|a Táborská, Jiřina,
|d 1926-2004
|4 trl
|9 385259
|
| 700 |
1 |
|
|a Běloševský, Dimitrij,
|d 1945-
|4 trl
|9 385260
|
| 700 |
1 |
|
|a Miklušáková, Jiřina,
|d 1935-
|4 trl
|9 385261
|
| 830 |
|
0 |
|a Členská knižnice
|9 286755
|
| 852 |
|
|
|a Slovenská národná knižnica
|
| 919 |
|
|
|a 80205-0103-7
|
| 958 |
|
|
|a RK
|
| 958 |
|
|
|a OND
|
| 999 |
|
|
|c 632331
|d 634261
|
| 952 |
|
|
|t P60, <04>, [BOOK], {604}
|a SNK
|b SNK
|y VYP
|7 0
|p 17A0268174
|o snkIC 114317
|i snkKIP 2709/90
|0 0
|1 0
|4 0
|d 1998-05-14
|l 0
|r 2005-01-02 00:00:00
|w 2026-02-23
|
| 952 |
|
|
|t P60, <04>, [BOOK], {604}
|a SNK
|b SNK
|y VYP
|7 0
|p 17A0250112
|o snkIC 114317 D1
|i snkKIP 2710/90
|0 0
|1 1
|4 0
|d 1998-05-14
|l 0
|r 2005-01-02 00:00:00
|w 2026-02-23
|